00555pab a2200157 454500008004000000100002000040245016700060260000900227300001400236362000800250650002400258650001900282700002200301700002200323773005200345180718b2006 xxu||||| |||| 00| 0 eng d aLeger, Francois aThe difficult match between a territorial policy instrument and the industry-centred tradition of French agricultural policies: the Land Management Contract (LMC) c2006 ap.377-93. aSep aAgricultural policy aLand economics aUrbano, Ghislaine aVollet, Dominique aInternational Review of Administrative Sciences